[Event "Unterfranken-ch HB 48th"]
[Site "Bergrheinfeld"]
[Date "1997.??.??"]
[Round "1"]
[White "Mader, Manuel"]
[Black "Markert, Markus"]
[Result "1-0"]
[WhiteElo "1468"]
[BlackElo "1737"]
[PlyCount "89"]
[EventDate "1997.03.31"]
[EventType "swiss"]
[EventRounds "9"]
[EventCountry "GER"]
[SourceTitle "EXT 2015"]
[Source "ChessBase"]
[SourceDate "2014.11.20"]
[SourceVersion "1"]
[SourceVersionDate "2014.11.20"]
[SourceQuality "1"]

1. e4 c5 2. Nf3 e6 3. d4 cxd4 4. Nxd4 Nc6 5. Nc3 a6 6. Bc4 Bb4 7. Be3 Bxc3+ 8. bxc3 Qh4 9. Nxc6 bxc6 10. Bd3 Nf6 11. e5 Ng4 12. Bd4 Bb7 13. Rb1 c5 14. g3 Qh3 15. Bf1 Bg2 16. Bxc5 Nxe5 17. Qd6 Nc6 18. Rb7 Rd8 19. Bb6 Bxf1 20. Rxf1 e5 21. Bxd8 Kxd8 22. Qc7+ Ke8 23. Qc8+ Nd8 24. Rb8 Ke7 25. Qc5+ Ke6 26. Qc7 Qh6 27. Rb6+ Nc6 28. Ke2 Qh5+ 29. Ke1 Qf5 30. Rb7 Rd8 31. Rb6 Ke7 32. Rxc6 Qe4+ 33. Kd1 Qxc6 34. Qxe5+ Kf8 35. Re1 Qc8 36. Re2 f6 37. Qd6+ Kg8 38. Re7 Qc4 39. Rxd7 Qf1+ 40. Kd2 Qxf2+ 41. Kc1 Qe1+ 42. Kb2 Rxd7 43. Qxd7 Qe2 44. Kb3 Qf1 45. Qe8# 1-0

[Event "Unterfranken-ch HB 48th"]
[Site "Bergrheinfeld"]
[Date "1997.??.??"]
[Round "9"]
[White "Mader, Manuel"]
[Black "Rachor, Udo"]
[Result "1/2-1/2"]
[WhiteElo "1468"]
[BlackElo "1416"]
[PlyCount "77"]
[EventDate "1997.03.31"]
[EventType "swiss"]
[EventRounds "9"]
[EventCountry "GER"]
[SourceTitle "EXT 2015"]
[Source "ChessBase"]
[SourceDate "2014.11.20"]
[SourceVersion "1"]
[SourceVersionDate "2014.11.20"]
[SourceQuality "1"]

1. e4 e6 2. d4 d5 3. e5 c5 4. c3 Nc6 5. f4 Qb6 6. Nf3 Nh6 7. Bd3 cxd4 8. cxd4 Nf5 9. Bxf5 exf5 10. Nc3 Bb4 11. Qd3 Be6 12. 0-0 0-0 13. Be3 a5 14. Rfc1 Bxc3 15. Qxc3 Rfc8 16. Qd2 Ne7 17. Ne1 Rxc1 18. Rxc1 Rc8 19. Nd3 Rc6 20. Rc5 Rxc5 21. Nxc5 Nc6 22. Qc3 Qc7 23. Na4 Qd8 24. g3 Qe7 25. Qc5 Qxc5 26. Nxc5 b6 27. Na4 b5 28. Nc3 b4 29. Na4 Kf8 30. b3 Ke8 31. Kf1 Kd8 32. Ke1 Kc7 33. Kd2 Kb7 34. Kc2 Ka6 35. Nc5+ Kb6 36. Kb2 h5 37. Bc1 g6 38. Be3 Kc7 39. Kc2 1/2-1/2

[Event "Unterfranken-ch HB 48th"]
[Site "Bergrheinfeld"]
[Date "1997.??.??"]
[Round "3"]
[White "Mader, Manuel"]
[Black "Weigand, Michael"]
[Result "1/2-1/2"]
[WhiteElo "1468"]
[BlackElo "1783"]
[PlyCount "77"]
[EventDate "1997.03.31"]
[EventType "swiss"]
[EventRounds "9"]
[EventCountry "GER"]
[SourceTitle "EXT 2015"]
[Source "ChessBase"]
[SourceDate "2014.11.20"]
[SourceVersion "1"]
[SourceVersionDate "2014.11.20"]
[SourceQuality "1"]

1. e4 e5 2. Nf3 Nc6 3. Bb5 a6 4. Ba4 b5 5. Bb3 Na5 6. c3 Nxb3 7. axb3 f6 8. 0-0 d6 9. d4 Bb7 10. d5 Ne7 11. c4 c6 12. Nc3 b4 13. Ne2 c5 14. Be3 Ng6 15. Qd2 Kd7 16. Ng3 Kc7 17. Nf5 Bc8 18. Ne1 Bxf5 19. exf5 Ne7 20. g4 g5 21. Kg2 Nc8 22. Rh1 Nb6 23. f3 h6 24. h4 Bg7 25. Nd3 a5 26. Ra2 Nd7 27. h5 Ra6 28. Rha1 Kb7 29. Qc2 Qc7 30. Qf2 Rha8 31. Qc2 Bf8 32. Qd1 Be7 33. Qc2 Bd8 34. Qd1 Qc8 35. Qc2 Bb6 36. Qd1 Qf8 37. Qc2 Re8 38. Nf2 Re7 39. Ne4 1/2-1/2

[Event "Unterfranken-ch H2 46th"]
[Site "Karlburg"]
[Date "1995.??.??"]
[Round "?"]
[White "Hirsch, Frank"]
[Black "Mader, Manuel"]
[Result "0-1"]
[WhiteElo "1625"]
[BlackElo "1387"]
[PlyCount "92"]
[EventDate "1995.04.17"]
[EventType "swiss"]
[EventRounds "9"]
[EventCountry "GER"]
[SourceTitle "EXT 2015"]
[Source "ChessBase"]
[SourceDate "2014.11.20"]
[SourceVersion "1"]
[SourceVersionDate "2014.11.20"]
[SourceQuality "1"]

1. e4 c5 2. Bc4 Nc6 3. Nf3 e6 4. 0-0 Nf6 5. Re1 Be7 6. c3 d5 7. exd5 exd5 8. Bb5 0-0 9. d4 cxd4 10. Nxd4 Bd7 11. Bf4 Re8 12. Qd3 Qb6 13. Bxc6 bxc6 14. b3 Bc5 15. Be3 Bxd4 16. cxd4 Rac8 17. Nd2 Re6 18. Nf3 Ne4 19. Ng5 Nxg5 20. Bxg5 Rxe1+ 21. Rxe1 c5 22. Be3 Re8 23. dxc5 Qxc5 24. Qd2 d4 25. Bf4 Rxe1+ 26. Qxe1 Qf5 27. Qd2 Qb1+ 28. Qc1 Qxa2 29. f3 Qxb3 30. Qc7 Qa4 31. Kf2 h6 32. Qb8+ Kh7 33. Qb1+ Kg8 34. Qe4 Bb5 35. Qa8+ Kh7 36. Qe4+ Kg8 37. Qa8+ Be8 38. Bd2 Kf8 39. Qc8 a5 40. Ke2 Qb5+ 41. Kf2 a4 42. Qc2 Qb3 43. Qh7 f6 44. Qf5 Qb2 45. Ke1 a3 46. Bxh6 a2 0-1

[Event "Unterfranken-ch H2 46th"]
[Site "Karlburg"]
[Date "1995.??.??"]
[Round "?"]
[White "Steiner, Sascha"]
[Black "Mader, Manuel"]
[Result "1-0"]
[WhiteElo "1682"]
[BlackElo "1387"]
[PlyCount "55"]
[EventDate "1995.04.17"]
[EventType "swiss"]
[EventRounds "9"]
[EventCountry "GER"]
[SourceTitle "EXT 2015"]
[Source "ChessBase"]
[SourceDate "2014.11.20"]
[SourceVersion "1"]
[SourceVersionDate "2014.11.20"]
[SourceQuality "1"]

1. d4 Nf6 2. c4 e6 3. Bg5 Be7 4. Nc3 d5 5. e3 0-0 6. Nf3 Nc6 7. Rc1 b6 8. cxd5 exd5 9. Bb5 Bb7 10. 0-0 Bd6 11. Bxf6 Qxf6 12. Nxd5 Qf5 13. Bxc6 Bxc6 14. Nxc7 Be4 15. Nxa8 Bd3 16. Nxb6 axb6 17. a3 Bxf1 18. Qxf1 Rd8 19. Rc6 Qe6 20. Qb5 Rb8 21. Qc4 Qg6 22. Rc8+ Rxc8 23. Qxc8+ Bf8 24. Qc1 h5 25. d5 Bd6 26. g3 Qe4 27. Qc8+ Kh7 28. Ng5+ 1-0